Yellow Animals - Statistics

General Stats
  • This quiz has been taken 6 times
  • The average score is 2 of 6
Answer Stats
Answer % Correct
Duck
100%
Bee
50%
Hornet
33%
Seahorse
17%
Tang
17%
Yellowjacket
17%
No matching quizzes found
Score Distribution
Percent of People with Each Score
Percentile by Number Answered
Your Score History
You have not taken this quiz